Minecraft Mobs: Parched - Statistics

General Stats
  • This quiz has been taken 14 times
  • The average score is 5 of 8
Answer Stats
Question Answer % Correct
How many health points does a parched have? 16
83%
What biome can parcheds spawn in? Desert
83%
What is one item a parched can drop when killed by a player? Arrow | Arrow of Weakness | Bone
75%
What is one mob a parched can spawn riding on? Camel Husk | Cave Spider | Spider
75%
What effect to parched attacks deal to their targets? Weakness
67%
What is a parched's height in blocks? 1.99
50%
What is a parched's width in blocks? 0.6
42%
How many seconds is a parched's attack cooldown on Normal difficulty? 3.5
42%
No matching quizzes found
Score Distribution
Percent of People with Each Score
Percentile by Number Answered
Your Score History
You have not taken this quiz